К вопросу о прогнозировании коренных месторождений золота по результатам магнитной съемки; Известия Томского политехнического института [Известия ТПИ]; Т. 201 : Геология

Detalles Bibliográficos
Parent link:Известия Томского политехнического института [Известия ТПИ]/ Томский политехнический институт (ТПИ).— , 1944-1976
Т. 201 : Геология.— 1972.— [С. 40-42]
Autor Principal: Ерофеев Л. Я. Леонид Яковлевич
Summary:Заглавие с титульного листа
Электронная версия печатной публикации
Idioma:ruso
Publicado: 1972
Subjects:
Acceso en liña:Черно-белая версия для предварительного просмотра
Цветная версия без потери качества
Formato: MixedMaterials Electrónico Capítulo de libro
KOHA link:https://koha.lib.tpu.ru/cgi-bin/koha/opac-detail.pl?biblionumber=223835

MARC

LEADER 00000nla2a2200000 4500
001 223835
005 20231031200310.0
035 |a (RuTPU)RU\TPU\book\244104 
035 |a RU\TPU\book\244102 
090 |a 223835 
100 |a 20121016d1972 k y0rusy50 ca 
101 0 |a rus 
102 |a RU 
135 |a drnn ---uucaa 
181 0 |a i  
182 0 |a b 
200 1 |a К вопросу о прогнозировании коренных месторождений золота по результатам магнитной съемки  |b Электронный ресурс  |f Л. Я. Ерофеев 
203 |a Текст  |c электронный 
215 |a 2 файла (180 Кб, 5 Мб) 
230 |a Электронные текстовые данные (2 файла : 180 Кб, 5 Мб) 
300 |a Заглавие с титульного листа 
300 |a Электронная версия печатной публикации 
337 |a Adobe Reader 
461 1 |0 (RuTPU)RU\TPU\book\200995  |t Известия Томского политехнического института [Известия ТПИ]  |f Томский политехнический институт (ТПИ)  |d 1944-1976 
463 1 |0 (RuTPU)RU\TPU\book\244079  |t Т. 201 : Геология  |v [С. 40-42]  |d 1972  |p 196 с. 
610 1 |a электронный ресурс 
610 1 |a труды учёных ТПУ 
700 1 |a Ерофеев  |b Л. Я.  |c геолог, геофизик  |c профессор Томского политехнического университета, доктор геолого-минералогических наук  |f 1935-  |g Леонид Яковлевич  |2 stltpush  |3 (RuTPU)RU\TPU\pers\15850 
801 1 |a RU  |b 63413507  |c 20090320  |g PSBO 
801 2 |a RU  |b 63413507  |c 20150604  |g PSBO 
856 4 |u http://www.lib.tpu.ru/fulltext/v/Bulletin_TPU/1972/v201/08_bw.pdf  |z Черно-белая версия для предварительного просмотра 
856 4 |u http://www.lib.tpu.ru/fulltext/v/Bulletin_TPU/1972/v201/08_full.pdf  |z Цветная версия без потери качества 
942 |c CF